000
002300000a22000970004500
100
1
_a
Bray, Gerald
245
1
0
_a
The love of God (Romans 8:18-39)
300
_a
Vol. 20, Núm 3 (2002), Páginas 5-8
773
0
_t
Evangel
942
_c
ANA
999
_c
54399
_d
54399